000 00380nam a22001217a 4500
008 241213b |||||||| |||| 00| 0 eng d
020 _a9780195661071
100 _aA. N. Kaul
245 _aThe American Vision :
_bActual and Ideal Society in Nineteenth-Century Fiction
260 _aNew York :
_bOxford University Press,
_c2002.
300 _axi p. 430;
_c21.7 Cm.
942 _2ddc
999 _c10104
_d10105